000 01289nam a2200349Ia 4500
001 ebr10194152
003 CaPaEBR
006 m u
007 cr cn|||||||||
008 070123s2007 mau sb 000 0 eng d
010 _z 2008002122
020 _z9780262083669 (hardcover : alk. paper)
040 _aCaPaEBR
_cCaPaEBR
035 _a(OCoLC)191950610
050 1 4 _aBF311
_b.H87 2007eb
082 0 4 _a153
_222
100 1 _aHurlburt, Russell T.
245 1 0 _aDescribing inner experience?
_h[electronic resource] :
_bproponent meets skeptic /
_cRussell T. Hurlburt, Eric Schwitzgebel.
260 _aCambridge, MA :
_bMIT Press,
_c2007.
300 _a322 p.
490 1 _aLife and mind
500 _a"A Bradford book."
504 _aIncludes bibliographical references.
533 _aElectronic reproduction.
_bPalo Alto, Calif. :
_cebrary,
_d2009.
_nAvailable via World Wide Web.
_nAccess may be limited to ebrary affiliated libraries.
650 0 _aConsciousness.
650 0 _aIntrospection.
655 7 _aElectronic books.
_2local
700 1 _aSchwitzgebel, Eric.
710 2 _aebrary, Inc.
830 0 _aLife and mind.
856 4 0 _uhttp://site.ebrary.com/lib/rucke/Doc?id=10194152
_zAn electronic book accessible through the World Wide Web; click to view
999 _c113979
_d113979